<?xml version="1.0" encoding="UTF-8"?>
<record
    xmlns:xsi="http://www.w3.org/2001/XMLSchema-instance"
    xsi:schemaLocation="http://www.loc.gov/MARC21/slim http://www.loc.gov/standards/marcxml/schema/MARC21slim.xsd"
    xmlns="http://www.loc.gov/MARC21/slim">

  <leader>01754nam a22002657a 4500</leader>
  <controlfield tag="008">251021b        |||||||| |||| 00| 0 eng d</controlfield>
  <datafield tag="020" ind1=" " ind2=" ">
    <subfield code="a">9791041421824</subfield>
  </datafield>
  <datafield tag="040" ind1=" " ind2=" ">
    <subfield code="c">TBS</subfield>
  </datafield>
  <datafield tag="041" ind1=" " ind2=" ">
    <subfield code="a">fre</subfield>
    <subfield code="h">ice</subfield>
  </datafield>
  <datafield tag="100" ind1=" " ind2=" ">
    <subfield code="a">Sigur&#xF0;ard&#xF3;ttir, Lilja</subfield>
    <subfield code="d">1972-</subfield>
    <subfield code="9">26246</subfield>
    <subfield code="e">author</subfield>
  </datafield>
  <datafield tag="240" ind1=" " ind2=" ">
    <subfield code="a">Bl&#xF3;&#xF0;rau&#xF0;ur sj&#xF3;r.</subfield>
    <subfield code="l">French.</subfield>
  </datafield>
  <datafield tag="245" ind1=" " ind2=" ">
    <subfield code="a">Rouge comme la mer</subfield>
    <subfield code="c">/ Lilja Sigur&#xF0;ard&#xF3;ttir.</subfield>
  </datafield>
  <datafield tag="260" ind1=" " ind2=" ">
    <subfield code="a">Paris :</subfield>
    <subfield code="b">&#xC9;ditions M&#xE9;taili&#xE9;,</subfield>
    <subfield code="c">2024.</subfield>
  </datafield>
  <datafield tag="300" ind1=" " ind2=" ">
    <subfield code="a">278 pages ; </subfield>
    <subfield code="c">22 cm.</subfield>
  </datafield>
  <datafield tag="520" ind1=" " ind2=" ">
    <subfield code="a">Une intrigue surprenante au milieu de l'automne islandais.

Lorsque l&#x2019;entrepreneur Flosi rentre chez lui, il d&#xE9;couvre que sa maison a &#xE9;t&#xE9; mise &#xE0; sac, et Gudr&#xFA;n, sa femme, enlev&#xE9;e. Si Flosi n&#x2019;accepte pas de payer une &#xE9;norme ran&#xE7;on, elle sera tu&#xE9;e. D&#xE9;sesp&#xE9;r&#xE9;, il contacte Aurora, une enqu&#xEA;trice r&#xE9;put&#xE9;e pour sa discr&#xE9;tion. En plein automne islandais, les suspects se multiplient, les mafias se rapprochent, et tout prend un tour de plus en plus trouble&#x2026;</subfield>
  </datafield>
  <datafield tag="520" ind1=" " ind2=" ">
    <subfield code="a">A gripping mystery set in the heart of the Icelandic autumn.

When businessman Flosi returns home, he finds his house ransacked and his wife, Gudr&#xFA;n, kidnapped. If he doesn&#x2019;t pay a huge ransom, she will be killed. Desperate, he contacts Aurora, a private investigator known for her discretion. As the Icelandic autumn deepens, suspects multiply, the mafia closes in, and everything grows increasingly murky&#x2026;</subfield>
  </datafield>
  <datafield tag="650" ind1=" " ind2="0">
    <subfield code="a">Kidnapping</subfield>
    <subfield code="z">Iceland</subfield>
    <subfield code="v">Fiction</subfield>
    <subfield code="9">26247</subfield>
  </datafield>
  <datafield tag="650" ind1=" " ind2="0">
    <subfield code="a">Police</subfield>
    <subfield code="z">Iceland</subfield>
    <subfield code="v">Fiction</subfield>
    <subfield code="9">26248</subfield>
  </datafield>
  <datafield tag="650" ind1=" " ind2="0">
    <subfield code="a">Missing persons</subfield>
    <subfield code="x">Investigation </subfield>
    <subfield code="z">Iceland </subfield>
    <subfield code="v">Fiction</subfield>
    <subfield code="9">26249</subfield>
  </datafield>
  <datafield tag="650" ind1=" " ind2="0">
    <subfield code="a">Ransom</subfield>
    <subfield code="v">Fiction</subfield>
    <subfield code="9">26250</subfield>
  </datafield>
  <datafield tag="655" ind1=" " ind2="0">
    <subfield code="a">Detective and mystery fiction</subfield>
    <subfield code="9">23664</subfield>
  </datafield>
  <datafield tag="655" ind1=" " ind2="0">
    <subfield code="a">Thrillers (Fiction)</subfield>
    <subfield code="9">22669</subfield>
  </datafield>
  <datafield tag="700" ind1=" " ind2=" ">
    <subfield code="a">Sala&#xFC;n, Jean-Christophe</subfield>
    <subfield code="9">26251</subfield>
    <subfield code="e">translator</subfield>
  </datafield>
  <datafield tag="942" ind1=" " ind2=" ">
    <subfield code="2">lcc</subfield>
  </datafield>
  <datafield tag="952" ind1=" " ind2=" ">
    <subfield code="0">0</subfield>
    <subfield code="1">0</subfield>
    <subfield code="2">lcc</subfield>
    <subfield code="4">0</subfield>
    <subfield code="7">0</subfield>
    <subfield code="a">TBS</subfield>
    <subfield code="b">TBS</subfield>
    <subfield code="d">2025-10-21</subfield>
    <subfield code="l">0</subfield>
    <subfield code="o">P-FR SIG</subfield>
    <subfield code="p">B06052</subfield>
    <subfield code="r">2025-10-21</subfield>
    <subfield code="t">1</subfield>
    <subfield code="w">2025-10-21</subfield>
    <subfield code="y">1</subfield>
  </datafield>
  <datafield tag="999" ind1=" " ind2=" ">
    <subfield code="c">5074</subfield>
    <subfield code="d">5074</subfield>
  </datafield>
</record>
